Countries Closest to the Equator - One Minute Sprint - Statistics

General Stats
  • This quiz has been taken 44 times
    43 since last reset
  • The average score is 14 of 20
Answer Stats
km country % Correct
0 Brazil
100%
0 Ecuador
97%
0 Colombia
90%
0 Congo
87%
0 Dem Rep Congo
87%
102 Equatorial Guinea
84%
0 Kenya
81%
2 Peru
77%
0 Uganda
77%
0 Indonesia
74%
0 Somalia
74%
136 Venezuela
71%
0 Gabon
68%
116 Rwanda
68%
0 São Tomé and Príncipe
58%
173 Malaysia
52%
21 Maldives
35%
127 Singapore
35%
13 Kiribati
23%
55 Nauru
19%
No matching quizzes found
Score Distribution
Percent of People with Each Score
Percentile by Number Answered
Your Score History
You have not taken this quiz since the last reset